MARC

LEADER 00000nam0a2200000 4500
001 373458
005 20231102012552.0
035 |a (RuTPU)RU\TPU\retro\30888 
035 |a RU\TPU\book\270863 
090 |a 373458 
100 |a 20221216d1988 k y0rusy50 ca 
101 0 |a rus 
102 |a RU 
105 |a a z 000zy 
200 1 |a Магистральные трубопроводы охлажденного и сжиженного природного газа  |f Академия наук СССР (АН СССР), Уральское отделение (УрО), Коми научный центр ; под ред. А. Е. Полозова 
210 |a Сыктывкар  |c Изд-во Коми научного центра УрО АН СССР  |d 1988 
215 |a 158 с.  |c ил. 
606 1 |a Газопроводы магистральные  |x Надежность  |2 stltpush  |3 (RuTPU)RU\TPU\subj\5131  |9 33278 
610 1 |a магистральные трубопроводы 
610 1 |a сжиженный газ 
610 1 |a природный газ 
610 1 |a охлаждение 
675 |a 622.691.4  |v 3 
702 1 |a Полозов  |b А. Е.  |4 340 
712 0 2 |a Академия наук СССР (АН СССР)  |b Уральское отделение (УрО)  |b Коми научный центр  |2 stltpush  |3 (RuTPU)RU\TPU\col\18303 
801 1 |a RU  |b 63413507  |c 20140129 
801 2 |a RU  |b 63413507  |c 20221216  |g RCR 
942 |c BK